| LEADER 00000nam 2200000uu 4500 |
| 001 213646 |
| 003 ULIBM |
| 008 230727s||||||||th 000 0 tha d |
| 020 ^a978-616-438-784-3
|
| 040 ^abcnkk
|
| 041 ^atha
|
| 060 04 ^aWI250^bก495 2565
|
| 245 00 ^aการฟื้นฟูสภาพการกลืน =^bSwallowing rehabilitation /^cภัทราวัฒนพันธุ์ ... [และคนอื่นๆ], บรรณาธิการ
|
| 246 31 ^aSwallowing rehabilitation
|
| 250 ^aพิมพ์ครั้งที่ 4
|
| 260 ^aขอนแก่น :^bภาควิชาเวชศาสตร์ฟื้นฟู คณะแพทยศาสตร์ มหาวิทยาลัยขอนแก่น,^c2565
|
| 300 ^a286 หน้า :^bภาพประกอบ ;^c29 ซม.
|
| 650 4 ^aการกลืนผิดปกติ
|
| 650 4 ^aภาวะการกลืนผิดปกติ^xการรักษา
|
| 650 4 ^aการกลืน
|
| 700 0 ^aภัทรา วัฒนพันธุ์,^eบรรณาธิการ
|
| 700 0 ^aพจีมาศ กิตติปัญญางาม,^eบรรณาธิการ
|
| 700 0 ^aสุจิตรา แสนทวีสุข,^eบรรณาธิการ
|
| 710 2 ^aมหาวิทยาลัยขอนแก่น.^bคณะแพทยศาสตร์.^bภาควิชาเวชศาสตร์ฟื้นฟู
|
| 710 2 ^aมหาวิทยาลัยขอนแก่น.^bกลุ่มวิจัยภาวะกลืนลำบาก
|
| 999 ^aใช้งานได้ทุกระบบ
|